[Event "TCh-SVK Extraliga 2011-12"]
[Site "Slovakia SVK"]
[Date "2012.02.11"]
[Round "7.8"]
[White "Takacs,Las"]
[Black "Seitler,A"]
[Result "1/2-1/2"]
[WhiteElo "1976"]
[BlackElo "2247"]
[WhiteTeam "SK Dunajska Streda"]
[BlackTeam "SK PK Trencin"]
[WhiteFideId "14918854"]
[BlackFideId "14907909"]
[EventDate "2011.10.22"]

1. e4 c6 2. d4 d5 3. e5 Bf5 4. Bd3 Bxd3 5. Qxd3 Qa5+ 6. c3 Qa6 7. Qc2 e6 8. Ne2
c5 9. O-O Nc6 10. Be3 Nge7 11. dxc5 Nxe5 12. Nd4 Nc4 13. b3 Nxe3 14. fxe3 e5 15.
Nf5 Nxf5 16. Qxf5 f6 17. b4 Be7 18. Qh5+ g6 19. Qf3 Qc6 20. Rd1 Rd8 21. Nd2 O-O
22. Nb3 b6 23. c4 e4 24. cxd5 Rxd5 25. Qe2 bxc5 26. Qc4 Rd8 27. Nxc5 Bxc5 28.
bxc5 Kg7 29. Rxd5 Rxd5 30. Rc1 Rd3 31. Kf2 f5 32. Rc2 g5 33. Re2 Rd5 34. Qc3+
Kg6 35. Rc2 f4 36. exf4 gxf4 37. Qc4 Kf5 38. Ke1 h5 39. a4 h4 40. h3 e3 41. Qe2
Qxa4 42. Qh5+ Ke6 43. Qg6+ Ke7 44. Qg7+ Ke6 45. Qg6+ Ke7 1/2-1/2

[Event "TCh-SVK Extraliga 2011-12"]
[Site "Slovakia SVK"]
[Date "2012.02.11"]
[Round "7.1"]
[White "Ponizil,C"]
[Black "Petrik,T"]
[Result "1/2-1/2"]
[WhiteTitle "FM"]
[BlackTitle "GM"]
[WhiteElo "2398"]
[BlackElo "2522"]
[WhiteTeam "SKS Dubnica n/V"]
[BlackTeam "SK Modra"]
[WhiteFideId "322202"]
[BlackFideId "14901625"]
[EventDate "2011.10.22"]

1. e4 e6 2. d4 d5 3. Nd2 c5 4. exd5 Qxd5 5. Ngf3 cxd4 6. Bc4 Qd6 7. O-O Nf6 8.
Nb3 Nc6 9. Nbxd4 Nxd4 10. Nxd4 a6 11. Re1 Qc7 12. Bb3 Bd6 13. Nf5 Bxh2+ 14. Kh1
O-O 15. Nxg7 Rd8 16. Qf3 Kxg7 17. Bh6+ Kg6 18. c3 Nh5 19. Bc1 Bf4 20. g4 Ng3+
21. fxg3 Bxc1 22. Raxc1 b6 23. Bc2+ Kg7 24. Be4 Ra7 25. Rc2 Bb7 26. Rh2 Bxe4 27.
Qxe4 Qb7 28. Rxh7+ Kg8 29. Qxb7 Rxb7 30. Rh2 Rd3 31. Kg2 Rbd7 32. Re2 Kg7 33.
Kh3 Kg6 34. Rhf2 Rd1 35. Re4 Rh1+ 36. Kg2 Rdd1 37. Rb4 b5 38. a4 Rhg1+ 39. Kh2
Rh1+ 40. Kg2 Rhg1+ 41. Kh2 Rh1+ 1/2-1/2

[Event "TCh-SVK Extraliga 2011-12"]
[Site "Slovakia SVK"]
[Date "2012.02.11"]
[Round "7.2"]
[White "Kuchynka,Luk"]
[Black "Zpevak,P"]
[Result "1/2-1/2"]
[WhiteTitle "FM"]
[BlackTitle "IM"]
[WhiteElo "2314"]
[BlackElo "2392"]
[WhiteTeam "SK Modra"]
[BlackTeam "SKS Dubnica n/V"]
[WhiteFideId "325058"]
[BlackFideId "300586"]
[EventDate "2011.10.22"]

1. d4 Nf6 2. Nf3 g6 3. c4 Bg7 4. Nc3 d6 5. Bg5 h6 6. Bh4 g5 7. Bg3 Nh5 8. e3 c5
9. Be2 Nc6 10. d5 Nb4 11. a3 Na6 12. Nd2 Nxg3 13. hxg3 Nc7 14. g4 a6 15. Qc2 Rb8
16. Rb1 b5 17. b4 bxc4 18. Nxc4 cxb4 19. axb4 O-O 20. Na5 Bd7 21. Ne4 Nxd5 22.
Nxg5 Nf6 23. Ne4 Rxb4 24. Nxf6+ Bxf6 25. Nc4 Rxb1+ 26. Qxb1 Qb8 27. Nb6 Bg7 28.
g5 1/2-1/2

[Event "TCh-SVK Extraliga 2011-12"]
[Site "Slovakia SVK"]
[Date "2012.02.11"]
[Round "7.3"]
[White "Bures,J"]
[Black "Federic,J"]
[Result "1-0"]
[WhiteElo "2415"]
[BlackElo "2270"]
[WhiteTeam "SKS Dubnica n/V"]
[BlackTeam "SK Modra"]
[WhiteFideId "322890"]
[BlackFideId "14910659"]
[EventDate "2011.10.22"]

1. e4 c5 2. Nf3 e6 3. d4 cxd4 4. Nxd4 Nf6 5. Nc3 Nc6 6. Ndb5 Bb4 7. a3 Bxc3+ 8.
Nxc3 d5 9. exd5 exd5 10. Bd3 O-O 11. O-O d4 12. Ne2 Bg4 13. Bg5 Qd6 14. f3 Bh5
15. Qd2 Bg6 16. Rad1 Rfd8 17. Bxg6 hxg6 18. Be3 d3 19. cxd3 Rd7 20. Bf2 Rad8 21.
d4 Qd5 22. Rc1 Qb5 23. Rc2 Qa6 24. Rd1 Nd5 25. Qc1 Re8 26. Ng3 Nf6 27. Rcd2 Na5
28. Rd3 Rd5 29. Ne4 Red8 30. b4 Nc4 31. Nc5 Qc6 32. Qxc4 b6 33. Qa6 1-0

[Event "TCh-SVK Extraliga 2011-12"]
[Site "Slovakia SVK"]
[Date "2012.02.11"]
[Round "7.4"]
[White "Kleman,M"]
[Black "Vojtek,V"]
[Result "1-0"]
[BlackTitle "FM"]
[WhiteElo "2230"]
[BlackElo "2311"]
[WhiteTeam "SK Modra"]
[BlackTeam "SKS Dubnica n/V"]
[WhiteFideId "14904179"]
[BlackFideId "14901919"]
[EventDate "2011.10.22"]

1. c4 e6 2. b3 d5 3. e3 Nf6 4. Bb2 Bd6 5. Nc3 c6 6. g3 Nbd7 7. d3 e5 8. cxd5
cxd5 9. Bg2 Nb6 10. Nge2 Be6 11. O-O Qd7 12. Rc1 Rd8 13. f4 Ng4 14. Qd2 O-O 15.
fxe5 Bxe5 16. d4 Bb8 17. Nf4 Rfe8 18. a4 Nf6 19. Nd3 Qe7 20. Nc5 Bg4 21. a5 Nc8
22. Rce1 b6 23. Na6 Qb7 24. Nxb8 Qxb8 25. Rxf6 gxf6 26. Nxd5 Re6 27. Qf2 Qd6 28.
Nf4 Ree8 29. h3 Be6 30. d5 Bf5 31. Nh5 Re5 32. g4 Bg6 33. Qxf6 Bxh5 34. Bxe5
Qxf6 35. Bxf6 1-0

[Event "TCh-SVK Extraliga 2011-12"]
[Site "Slovakia SVK"]
[Date "2012.02.11"]
[Round "7.5"]
[White "Bazant,P sr"]
[Black "Machata,M"]
[Result "1-0"]
[WhiteElo "2233"]
[BlackElo "2227"]
[WhiteTeam "SKS Dubnica n/V"]
[BlackTeam "SK Modra"]
[WhiteFideId "304166"]
[BlackFideId "14901293"]
[EventDate "2011.10.22"]

1. d4 Nf6 2. c4 c5 3. d5 b5 4. cxb5 a6 5. bxa6 g6 6. Nc3 Bxa6 7. g3 d6 8. Bg2
Bg7 9. Nf3 Nbd7 10. O-O Nb6 11. Rb1 Bc4 12. Nd2 Bxa2 13. Nxa2 Rxa2 14. Qb3 Ra8
15. Qb5+ Nbd7 16. e4 O-O 17. Qe2 Qa5 18. Nc4 Qa6 19. Re1 Ne8 20. Bg5 f6 21. Be3
Nc7 22. Bh3 f5 23. Bg5 Rf7 24. exf5 gxf5 25. Bxe7 Re8 26. Nxd6 Qxe2 27. Rxe2
Rexe7 28. Rxe7 Rxe7 29. Nxf5 Rf7 30. d6 Nd5 31. Re1 Ne5 32. Kg2 Nd3 33. Re8+ 1-0

[Event "TCh-SVK Extraliga 2011-12"]
[Site "Slovakia SVK"]
[Date "2012.02.11"]
[Round "7.6"]
[White "Skara,V"]
[Black "Kovacik,E"]
[Result "1/2-1/2"]
[WhiteElo "2219"]
[BlackElo "2222"]
[WhiteTeam "SK Modra"]
[BlackTeam "SKS Dubnica n/V"]
[WhiteFideId "14909146"]
[BlackFideId "14902788"]
[EventDate "2011.10.22"]

1. e4 e6 2. d4 d5 3. Nd2 c5 4. exd5 Qxd5 5. dxc5 Bxc5 6. Ngf3 Nf6 7. Bc4 Qc6 8.
O-O O-O 9. Qe2 Nbd7 10. Nb3 b6 11. Nxc5 Nxc5 12. Ne5 Qe4 13. f3 Qxe2 14. Bxe2
Ba6 15. c4 Rac8 16. Kf2 Rfd8 17. Be3 Nfd7 18. Nxd7 Rxd7 19. Rfd1 Rcd8 20. b3 e5
21. Rxd7 Rxd7 22. Rd1 Rxd1 23. Bxd1 Ne6 24. Ke2 f5 25. Kd3 Bb7 26. b4 e4+ 27.
Kc3 f4 28. Bd4 e3 29. Be5 g5 30. h3 Kf7 31. Be2 h5 32. Bb8 a6 33. Ba7 g4 34.
hxg4 hxg4 35. Bxb6 gxf3 36. gxf3 Ng5 37. Bc7 Bxf3 38. Bxf4 Ne4+ 39. Kd3 Bxe2+
40. Kxe2 Nc3+ 41. Kxe3 Nxa2 42. Bd6 Ke6 43. Bc5 Nc1 44. Bb6 Na2 45. Ba5 Nc1 46.
Kd2 Nb3+ 47. Kc3 Nc1 48. Bc7 Na2+ 49. Kb3 Nc1+ 50. Ka4 Kd7 51. Bh2 Kc6 52. Ka5
Kb7 53. Ka4 Kc6 54. Ka3 Ne2 55. Be5 Nc1 56. Bf4 Ne2 57. Bh2 Nd4 58. Bg1 Ne6 59.
Kb3 Kb7 60. Kc3 Kc6 61. Kd3 Kd6 62. Ke4 Ng5+ 63. Kf5 Nf3 64. Be3 Nh4+ 65. Ke4
Kc6 66. Ke5 Ng6+ 67. Ke6 Nf8+ 68. Ke7 Ng6+ 69. Kf6 Nh4 70. Bf4 Nf3 71. Ke7 Nd4
72. Bd2 Nc2 73. b5+ 1/2-1/2

[Event "TCh-SVK Extraliga 2011-12"]
[Site "Slovakia SVK"]
[Date "2012.02.11"]
[Round "7.7"]
[White "Bombek,P"]
[Black "Banas,K"]
[Result "1/2-1/2"]
[WhiteTitle "FM"]
[WhiteElo "2179"]
[BlackElo "2222"]
[WhiteTeam "SKS Dubnica n/V"]
[BlackTeam "SK Modra"]
[WhiteFideId "14902230"]
[BlackFideId "14902141"]
[EventDate "2011.10.22"]

1. d4 Nf6 2. Nf3 d5 3. c4 e6 4. Qc2 Nbd7 5. g3 Bb4+ 6. Bd2 Be7 7. Bg2 c6 8. O-O
O-O 9. b3 b6 10. Nc3 Ba6 11. cxd5 cxd5 12. a4 Rc8 13. Qb2 Ne4 14. Rfc1 Ndf6 15.
Nb5 Qd7 16. Ne5 Qb7 17. e3 Rfd8 18. Be1 Ne8 19. Nc3 Nxc3 20. Rxc3 Rxc3 21. Bxc3
f6 22. Nf3 Rc8 23. Rc1 Rc6 24. b4 Bc4 25. b5 Rc7 26. Bb4 Bxb4 27. Qxb4 Bd3 28.
Rxc7 Qxc7 29. Ne1 Bg6 30. Bf1 Qc1 31. Be2 Kf7 32. Kg2 Be4+ 33. Kf1 g5 34. Bh5+
Bg6 35. Bxg6+ hxg6 36. a5 bxa5 37. Qxa5 Qc7 38. Qa6 Qb6 39. Qxb6 axb6 40. Nc2
Nd6 41. Na3 e5 42. Ke2 exd4 43. exd4 g4 44. f3 f5 45. Ke3 g5 46. Kf2 gxf3 47.
Kxf3 g4+ 48. Kf2 Kf6 49. Ke2 Kg5 50. Ke3 f4+ 51. gxf4+ Kf5 52. Nc2 Nxb5 53. Nb4
Nc7 54. Nc6 Na6 55. Ne7+ Ke6 56. Ng8 b5 57. Nh6 b4 58. Kd3 Nc7 59. Nxg4 Kf5 60.
Ne5 Kxf4 61. Nc6 Na6 62. Kc2 Kg4 63. Kb3 Kh3 64. Ne7 Nc7 65. Kxb4 Kxh2 66. Nxd5 1/2-1/2

[Event "TCh-SVK Extraliga 2011-12"]
[Site "Slovakia SVK"]
[Date "2012.02.11"]
[Round "7.8"]
[White "Matejovic,J"]
[Black "Podoba,M"]
[Result "1/2-1/2"]
[WhiteElo "2243"]
[BlackElo "2157"]
[WhiteTeam "SK Modra"]
[BlackTeam "SKS Dubnica n/V"]
[WhiteFideId "14906040"]
[BlackFideId "14902524"]
[EventDate "2011.10.22"]

1. e4 d5 2. exd5 Qxd5 3. Nc3 Qa5 4. d4 Nf6 5. Nf3 Bg4 6. h3 Bh5 7. g4 Bg6 8. Bg2
Nc6 9. O-O O-O-O 10. Bf4 e6 11. a3 Qb6 12. Na4 Qa6 13. b3 Nd5 14. Bd2 Nb6 15.
Nc5 Bxc5 16. dxc5 Nd7 17. b4 Nde5 18. Nxe5 Nxe5 19. b5 Qa4 20. Qe2 Qxc2 21. Qxe5
Qxd2 22. b6 axb6 23. cxb6 Qd6 24. Qxg7 Qxb6 25. a4 Qd4 26. Qh6 Be4 27. Bxe4 Qxe4
28. a5 Rhg8 29. a6 bxa6 30. Rxa6 Rg6 31. Qh4 Rdg8 32. f3 Qb7 33. Ra2 Qd5 34. Qf2
h5 35. Rd2 Qc6 36. Rc2 Qd6 37. Ra1 Qd5 38. Ra7 hxg4 39. Rcxc7+ Kd8 40. Qh4+ Qg5
41. Rd7+ Ke8 42. Re7+ Kd8 43. Red7+ Ke8 44. Qxg5 Rxg5 45. hxg4 R8g7 46. Rdb7 Rd5
47. Kf2 Rd8 48. Ke3 Kf8 49. Rb5 f6 50. Rbb7 Rxb7 51. Rxb7 Ke8 52. Ke4 Rd7 53.
Rb8+ Rd8 54. Rb1 Ra8 55. Rb7 Ra4+ 56. Ke3 Kf8 57. Kf2 Ke8 58. Kg3 Rd4 59. Ra7
Rb4 60. Rh7 1/2-1/2

[Event "TCh-SVK Extraliga 2011-12"]
[Site "Slovakia SVK"]
[Date "2012.02.11"]
[Round "7.1"]
[White "Pacher,M"]
[Black "Antoniewski,R"]
[Result "1-0"]
[WhiteTitle "IM"]
[BlackTitle "GM"]
[WhiteElo "2403"]
[BlackElo "2585"]
[WhiteTeam "SK Doprastav Bratislava"]
[BlackTeam "INBEST Dunajov"]
[WhiteFideId "14907445"]
[BlackFideId "1111078"]
[EventDate "2011.10.22"]

1. d4 Nf6 2. c4 c5 3. d5 b5 4. cxb5 a6 5. bxa6 g6 6. Nc3 Bxa6 7. e4 Bxf1 8. Kxf1
d6 9. Nf3 Nbd7 10. g3 Bg7 11. Kg2 O-O 12. a4 Qa5 13. Bd2 Rfb8 14. Nb5 Qd8 15.
Qc2 Nb6 16. b3 Qd7 17. Rhe1 Rb7 18. Bc3 c4 19. Nfd4 cxb3 20. Qxb3 Nh5 21. a5 Nc8
22. Qc4 Bxd4 23. Nxd4 Na7 24. Nc6 e5 25. Nxa7 Rbxa7 26. Bd2 f5 27. exf5 gxf5 28.
Rac1 Qf7 29. Qd3 Rd7 30. f3 Qg6 31. Rc4 Rg7 32. f4 Re8 33. fxe5 dxe5 34. d6 Qe6
35. Bc3 e4 36. Qd4 Rd8 37. Rc7 Rdd7 38. a6 Nf4+ 39. Kh1 Nh5 40. Qe5 1-0

[Event "TCh-SVK Extraliga 2011-12"]
[Site "Slovakia SVK"]
[Date "2012.02.11"]
[Round "7.2"]
[White "Manik,M"]
[Black "Likavsky,T"]
[Result "1/2-1/2"]
[WhiteTitle "GM"]
[BlackTitle "GM"]
[WhiteElo "2405"]
[BlackElo "2486"]
[WhiteTeam "INBEST Dunajov"]
[BlackTeam "SK Doprastav Bratislava"]
[WhiteFideId "14900734"]
[BlackFideId "14900483"]
[EventDate "2011.10.22"]

1. e4 c5 2. Nf3 d6 3. d4 cxd4 4. Nxd4 Nf6 5. Nc3 g6 6. Bc4 Bg7 7. Bb3 O-O 8. O-O
Nc6 9. Nf3 Bg4 10. h3 Bxf3 11. Qxf3 Nd4 12. Qd1 Nxb3 13. axb3 a6 14. Bg5 Rc8 15.
Re1 h6 16. Be3 Rc6 17. Qd2 Kh7 18. Bd4 e6 19. Rad1 b5 20. f3 Qc7 21. e5 dxe5 22.
Bxe5 Qa7+ 23. Kh1 Rfc8 24. Qf4 Qe7 25. Bd6 Qb7 26. Be5 Qe7 27. Bd6 Qb7 28. Be5 1/2-1/2

[Event "TCh-SVK Extraliga 2011-12"]
[Site "Slovakia SVK"]
[Date "2012.02.11"]
[Round "7.3"]
[White "Lipka,J"]
[Black "Rigo,Z"]
[Result "1/2-1/2"]
[WhiteTitle "IM"]
[BlackTitle "IM"]
[WhiteElo "2443"]
[BlackElo "2384"]
[WhiteTeam "SK Doprastav Bratislava"]
[BlackTeam "INBEST Dunajov"]
[WhiteFideId "14900475"]
[BlackFideId "14903172"]
[EventDate "2011.10.22"]

1. Nf3 c5 2. c4 g6 3. d4 cxd4 4. Nxd4 Nc6 5. e4 Nf6 6. Nc3 d6 7. f3 Nxd4 8. Qxd4
Bg7 9. Be3 O-O 10. Qd2 a5 11. Rc1 1/2-1/2

[Event "TCh-SVK Extraliga 2011-12"]
[Site "Slovakia SVK"]
[Date "2012.02.11"]
[Round "7.4"]
[White "Kantorik,M"]
[Black "Borosova,Z"]
[Result "1/2-1/2"]
[WhiteTitle "IM"]
[BlackTitle "WIM"]
[WhiteElo "2320"]
[BlackElo "2284"]
[WhiteTeam "INBEST Dunajov"]
[BlackTeam "SK Doprastav Bratislava"]
[WhiteFideId "14900513"]
[BlackFideId "14905779"]
[EventDate "2011.10.22"]

1. d4 d5 2. c4 c6 3. Nf3 Nf6 4. Nc3 e6 5. Bg5 h6 6. Bxf6 Qxf6 7. e3 g6 8. Bd3
Bg7 9. O-O O-O 10. Qe2 dxc4 11. Bxc4 Nd7 12. e4 e5 13. d5 Nb6 14. Bb3 Bg4 15. h3
Bxf3 16. Qxf3 Qxf3 17. gxf3 cxd5 18. Nxd5 Nxd5 19. Bxd5 Rfd8 20. Bxb7 Rab8 21.
Bd5 Rxb2 22. Rac1 Rd7 23. Rc8+ Kh7 24. Rfc1 Bf6 25. R8c7 Rxc7 26. Rxc7 Bh4 27.
Rxf7+ Kh8 28. f4 Rxf2 29. fxe5 Rxf7 30. Bxf7 Kg7 31. Be8 Bg3 32. e6 Kf6 33. Kg2
Be5 34. Kf3 Kxe6 35. Bxg6 Kf6 36. Bf5 Bh2 37. Ke3 Ke5 1/2-1/2

[Event "TCh-SVK Extraliga 2011-12"]
[Site "Slovakia SVK"]
[Date "2012.02.11"]
[Round "7.5"]
[White "Smolen,J"]
[Black "Gazik,I"]
[Result "0-1"]
[BlackTitle "IM"]
[WhiteElo "2377"]
[BlackElo "2328"]
[WhiteTeam "SK Doprastav Bratislava"]
[BlackTeam "INBEST Dunajov"]
[WhiteFideId "14906287"]
[BlackFideId "14900149"]
[EventDate "2011.10.22"]

1. d4 g6 2. e4 Bg7 3. c4 d6 4. Nc3 Nf6 5. Be2 O-O 6. Bg5 c5 7. d5 b5 8. cxb5 a6
9. bxa6 Bxa6 10. Bxa6 Nxa6 11. Nge2 Qa5 12. O-O Rfb8 13. Rb1 Rb4 14. Qc2 Rab8
15. f3 Qb6 16. Na4 Qa5 17. b3 R4b7 18. Rfc1 h6 19. Be3 Nd7 20. Nec3 Ne5 21. Qd2
Kh7 22. Ne2 Qxd2 23. Bxd2 Nd3 24. Rc4 Nab4 25. Bxb4 Nxb4 26. Nec3 Nc2 27. Rc1
Na3 28. Nb2 Nxc4 29. Nxc4 Ra8 30. Na4 Bd4+ 31. Kf1 Kg7 32. Ke2 Ra6 33. Kd3 Rb4
34. Rc2 e6 35. Nc3 Rb7 36. Ne2 exd5 37. exd5 Bf6 38. Nc3 Bxc3 39. Kxc3 Re7 40.
Kd2 Kf6 41. a4 Rb7 42. Kc3 Ke7 43. a5 Kd8 44. Rb2 Kc7 45. Re2 Kd7 46. Re4 Kd8
47. Rf4 f5 48. g4 Rf7 49. b4 cxb4+ 50. Kxb4 Kc7 51. Kb5 Ra8 52. Nb6 Re8 53. Rc4+
Kb8 54. gxf5 gxf5 55. Rh4 Rh7 56. Kc6 Rd8 57. Rh5 Rc7+ 58. Kb5 Ka7 59. Rxh6 Rc5+
60. Kb4 Ka6 61. Rf6 Rb8 62. Ka3 0-1

[Event "TCh-SVK Extraliga 2011-12"]
[Site "Slovakia SVK"]
[Date "2012.02.11"]
[Round "7.6"]
[White "Jacko,V2"]
[Black "Schwarz,Du"]
[Result "1/2-1/2"]
[WhiteElo "2178"]
[BlackElo "2286"]
[WhiteTeam "INBEST Dunajov"]
[BlackTeam "SK Doprastav Bratislava"]
[WhiteFideId "14915928"]
[BlackFideId "14903890"]
[EventDate "2011.10.22"]

1. e4 c5 2. Nf3 e6 3. d4 cxd4 4. Nxd4 a6 5. Nc3 b5 6. Bd3 Qb6 7. Nb3 Qc7 8. Qe2
Bb7 9. O-O Nf6 10. f4 b4 11. Nd1 d6 12. Nf2 Nc6 13. Be3 Be7 14. Rac1 O-O 15. c3
Qd7 16. c4 a5 17. Rfd1 Qc7 18. Nd2 Rfd8 19. Nf3 Bf8 20. c5 e5 21. cxd6 Bxd6 22.
f5 Be7 23. Rc2 Rac8 24. Rdc1 Qb8 25. Bb6 Rf8 26. Bb5 Na7 27. Bxa7 Rxc2 28. Rxc2
Qxa7 29. Kh1 Bc5 30. Nd3 Bb6 31. Bc6 Ba6 32. Nfxe5 Bc7 33. Nc4 Qd4 34. Ne1 Rd8
35. g3 Ng4 36. b3 Ne5 37. Bd5 Bb6 38. Qg2 Qd1 39. Nxb6 Qxe1+ 40. Qg1 Qxg1+ 41.
Kxg1 g6 42. fxg6 hxg6 43. Rc7 Rd6 44. Nc4 Bxc4 45. bxc4 Ra6 46. c5 a4 47. Re7 b3
48. a3 b2 49. Rb7 Ra5 50. c6 Rc5 51. Rxb2 Nxc6 52. Bxc6 Rxc6 53. Rb4 Rc2 54.
Rxa4 Ra2 55. Ra7 Kg7 56. a4 Re2 57. Re7 Kf8 58. Re5 f6 59. Re6 Kf7 60. Ra6 Rxe4
61. Kf2 Rb4 62. Ke3 Rb2 63. h4 Rb3+ 64. Kf4 Rb4+ 65. Kf3 Rb3+ 66. Kg4 Rb4+ 67.
Kh3 f5 68. a5 Rb3 69. Kg2 Ra3 70. Ra8 Kg7 71. a6 Kh7 72. Ra7+ Kh6 73. Ra8 Kg7
74. a7 Kh7 75. Kf2 Kg7 76. Ke2 Kh7 77. Kd2 Kg7 78. Kc2 Kh7 79. Kb2 Ra6 80. Kc3
Kg7 81. Kd4 Ra1 82. Ke5 Ra5+ 83. Ke6 Ra6+ 84. Ke7 Ra1 85. Kd7 Rd1+ 86. Ke6 Re1+ 1/2-1/2

[Event "TCh-SVK Extraliga 2011-12"]
[Site "Slovakia SVK"]
[Date "2012.02.11"]
[Round "7.7"]
[White "Vlcek,S"]
[Black "Gazik,Viktor"]
[Result "1-0"]
[WhiteTitle "FM"]
[BlackTitle "FM"]
[WhiteElo "2330"]
[BlackElo "1977"]
[WhiteTeam "SK Doprastav Bratislava"]
[BlackTeam "INBEST Dunajov"]
[WhiteFideId "14902001"]
[BlackFideId "14928752"]
[EventDate "2011.10.22"]

1. Nf3 Nf6 2. c4 g6 3. Nc3 Bg7 4. g3 O-O 5. Bg2 d6 6. O-O e5 7. d3 Nc6 8. Rb1
Nh5 9. Bg5 f6 10. Bd2 Be6 11. b4 Ne7 12. b5 h6 13. Ne1 Rb8 14. Qa4 Nc8 15. Nd5
Kh7 16. Nc2 f5 17. f4 Bxd5 18. cxd5 Nf6 19. fxe5 dxe5 20. e4 Nd6 21. Ne3 Nd7 22.
exf5 gxf5 23. Nxf5 Nxf5 24. Be4 Nc5 25. Rxf5 Nxe4 26. Rxf8 Qxf8 27. dxe4 Qf3 28.
Qc4 Rf8 29. Rf1 Qg4 30. Rxf8 Bxf8 31. Qxc7+ Kg8 32. Qc2 Qe2 33. d6 Bxd6 34. Qc8+
Bf8 35. Qe6+ Kh7 36. Qf5+ Kg8 37. Qg6+ Kh8 38. Qf6+ Kg8 39. Qe6+ Kh7 40. Qd7+
Kh8 41. Qd8 Kg8 42. Qd5+ Kh8 43. Qxe5+ Bg7 44. Qd5 b6 45. Bf4 Bf6 46. h4 h5 47.
e5 Be7 48. Kh1 Bc5 49. Qg2 Qxb5 50. e6 Qb1+ 51. Kh2 Qf5 52. Qe2 1-0

[Event "TCh-SVK Extraliga 2011-12"]
[Site "Slovakia SVK"]
[Date "2012.02.11"]
[Round "7.8"]
[White "Magat,Jozef"]
[Black "Janos,M"]
[Result "0-1"]
[WhiteElo "2069"]
[BlackElo "2252"]
[WhiteTeam "INBEST Dunajov"]
[BlackTeam "SK Doprastav Bratislava"]
[WhiteFideId "14903962"]
[BlackFideId "14904144"]
[EventDate "2011.10.22"]

1. Nf3 d5 2. d4 c5 3. dxc5 Nc6 4. e4 e6 5. exd5 exd5 6. Be3 Nf6 7. c3 Be7 8.
Nbd2 O-O 9. Be2 a5 10. a4 Qc7 11. O-O Bf5 12. Nd4 Bd7 13. Nb5 Qb8 14. Nb3 Ne5
15. g3 Nc4 16. Bxc4 dxc4 17. Nd2 Bg4 18. f3 Be6 19. Qe2 Qe5 20. f4 Qf5 21. Nd4
Qd5 22. Nxe6 Qxe6 23. Rfe1 Rfe8 24. Qxc4 Qh3 25. Qf1 Qh5 26. Qf3 Ng4 27. Nf1
Bxc5 28. Bxc5 Qxc5+ 29. Kg2 h5 30. h3 Nf6 31. Rad1 Qb6 32. Rxe8+ Rxe8 33. Rd2
Qb3 34. Re2 Rxe2+ 35. Qxe2 Qxa4 36. Nh2 Qc6+ 37. Nf3 a4 38. Kh2 Qd5 39. Ne5 Qa2
40. Qd2 a3 41. Qd8+ Kh7 42. Qd3+ g6 43. Nc4 axb2 44. Nxb2 Qxb2+ 45. Kg1 Qa1+ 46.
Kg2 Qa2+ 47. Kf3 Qd5+ 48. Ke3 Qg2 49. Kd4 Qxh3 50. Kc5 h4 51. Qd4 Qf5+ 52. Kb6
hxg3 0-1

[Event "TCh-SVK Extraliga 2011-12"]
[Site "Slovakia SVK"]
[Date "2012.02.11"]
[Round "7.2"]
[White "Rojicek,V"]
[Black "Papp,Ga"]
[Result "1/2-1/2"]
[WhiteTitle "IM"]
[BlackTitle "GM"]
[WhiteElo "2406"]
[BlackElo "2551"]
[WhiteTeam "SK Caissa Cadca"]
[BlackTeam "SK Slovan Bratislava"]
[WhiteFideId "319902"]
[BlackFideId "718602"]
[EventDate "2011.10.22"]

1. d4 Nf6 2. c4 e6 3. g3 d5 4. Nf3 Bb4+ 5. Nbd2 dxc4 6. Bg2 O-O 7. Qc2 b5 8. a4
bxa4 9. O-O Bb7 10. Nxc4 Nbd7 11. Bg5 h6 12. Bxf6 Nxf6 13. Rxa4 Be4 14. Qb3 a5
15. Rfa1 Rb8 16. Qe3 Bc2 17. R4a2 a4 18. Nfe5 Bb3 19. Nc6 Qe8 20. Nxb8 Qxb8 21.
Qd3 c5 22. Rxa4 Bxa4 23. Rxa4 cxd4 24. Ra8 Qb5 25. Rxf8+ Bxf8 26. Qxd4 Bc5 27.
Qd8+ Kh7 28. Qd3+ Kg8 29. Bf3 Qb4 30. Kg2 Be7 31. b3 Qb5 32. Nb2 Qb6 33. Qc4 g6
34. Nd3 Kg7 35. b4 Qd6 36. b5 Nd7 37. Qc3+ Kg8 38. h4 h5 39. Bc6 Nb6 40. Qe5
Qxe5 41. Nxe5 Bd6 42. Nd3 Kf8 43. e4 Nc4 44. f4 Bb8 45. Nc5 Ba7 46. Nd7+ Ke7 47.
e5 Bd4 48. Nf6 Nd2 49. Nd7 Nc4 50. Kf3 Nb6 51. Nf6 Bc5 52. Ke2 Bb4 53. Ne4 Nd5
54. Kd3 Nb6 55. Kd4 Be1 56. Kc5 Na4+ 57. Kc4 Nb6+ 58. Kd4 Bb4 59. Bb7 Kd7 60.
Nc5+ Ke7 61. Nd3 Bd2 62. Kc5 Be3+ 63. Kc6 Na4 64. Kc7 Bb6+ 65. Kc8 Bg1 66. Bf3
Nc3 67. Bc6 Na4 68. Nc1 Bf2 69. Ne2 Nb6+ 70. Kb7 Nc4 71. Be4 Nb6 72. Kc6 Nc4 73.
Bd3 Nb6 74. Nc3 Bg1 75. Ne4 Nd7 76. Nd6 Nb6 77. Be4 Bf2 78. Bg2 Bg1 79. Kc7 Bf2
80. Bc6 Na4 81. Nc8+ Kf8 82. b6 Nxb6 83. Nxb6 Bxg3 84. Kd6 Bxf4 85. Nd7+ Kg7 86.
Nf6 Bg3 87. Ke7 Bxe5 88. Ne8+ Kg8 89. Nf6+ Kg7 90. Ne8+ 1/2-1/2

[Event "TCh-SVK Extraliga 2011-12"]
[Site "Slovakia SVK"]
[Date "2012.02.11"]
[Round "7.5"]
[White "Lanc,A"]
[Black "Kriebel,T"]
[Result "1-0"]
[WhiteTitle "IM"]
[BlackTitle "FM"]
[WhiteElo "2367"]
[BlackElo "2339"]
[WhiteTeam "SK Slovan Bratislava"]
[BlackTeam "SK Caissa Cadca"]
[WhiteFideId "14900041"]
[BlackFideId "330027"]
[EventDate "2011.10.22"]

1. e4 c5 2. Nf3 d6 3. d4 cxd4 4. Nxd4 Nf6 5. Nc3 e5 6. Nde2 Be7 7. g3 O-O 8. Bg2
Be6 9. h3 Nbd7 10. O-O Nb6 11. a4 a6 12. b3 Rc8 13. Bb2 Rc5 14. f4 exf4 15. gxf4
Rh5 16. f5 Bc8 17. Nf4 Rh6 18. Qd4 Nbd7 19. Ncd5 Ne5 20. Nxe7+ Qxe7 21. Rad1 Rd8
22. c4 g5 23. fxg6 hxg6 24. c5 Nfg4 25. cxd6 Qh4 26. Qc3 Bd7 27. Qe1 Qg5 28.
hxg4 Bxg4 29. Qg3 f6 30. Bxe5 fxe5 31. Nd5 Rxd6 32. Qf2 Rh1+ 33. Kxh1 1-0

[Event "TCh-SVK Extraliga 2011-12"]
[Site "Slovakia SVK"]
[Date "2012.02.11"]
[Round "7.6"]
[White "Lisko,F"]
[Black "Pagerka,M"]
[Result "1-0"]
[WhiteTitle "FM"]
[WhiteElo "2311"]
[BlackElo "2200"]
[WhiteTeam "SK Caissa Cadca"]
[BlackTeam "SK Slovan Bratislava"]
[WhiteFideId "14900157"]
[BlackFideId "14911230"]
[EventDate "2011.10.22"]

1. d4 Nf6 2. c4 e6 3. Nf3 b6 4. Nc3 Bb7 5. Bg5 h6 6. Bh4 Bb4 7. e3 c5 8. Bd3 d6
9. O-O Bxc3 10. bxc3 Qe7 11. Nd2 e5 12. Bxf6 Qxf6 13. Be4 Bxe4 14. Nxe4 Qd8 15.
dxe5 O-O 16. Qd5 Nd7 17. Nxd6 Qe7 18. Nxf7 Qxf7 19. e6 Qe7 20. exd7+ Kh8 21.
Rad1 Qf6 22. Rd3 Rad8 23. e4 Qe7 24. e5 Rf5 25. f4 g5 26. Qc6 Kg7 27. Qe4 Rxf4
28. Rxf4 gxf4 29. Qxf4 Rf8 30. Qxf8+ 1-0